| 000 | 00582cam a2200229ua 4500 | ||
|---|---|---|---|
| 001 | 9530 | ||
| 008 | 160125n ii |||gr||||Z||||||eng | ||
| 020 | _a9780195676945 | ||
| 020 | _a0195676947 | ||
| 040 | _cMAIN | ||
| 041 | _aeng | ||
| 082 | _a658.3 | ||
| 100 |
_aJyothi, P., _eAuthor., |
||
| 245 |
_aHuman resource management _cby P. Jyothi |
||
| 250 | _a13th imp. | ||
| 260 |
_aNew Delhi: _bOxford university press, _c2011. |
||
| 300 | _a565p. | ||
| 653 | _aGeneral management | ||
| 653 | _aHuman resource management | ||
| 700 |
_aVenkatesh, D.N., _eAuthor., |
||
| 942 | _cBK | ||
| 999 |
_c8562 _d8562 |
||